[Event "GER-ch U12"]
[Site "Willingen"]
[Date "2009.05.31"]
[Round "2"]
[White "Damm, Nils"]
[Black "Velkin, Elina"]
[Result "1-0"]
[WhiteElo "1458"]
[BlackElo "1113"]
[PlyCount "63"]
[EventDate "2009.05.30"]
[EventType "swiss"]
[EventRounds "11"]
[EventCountry "GER"]
[SourceTitle "EXT 2010"]
[Source "ChessBase"]
[SourceDate "2010.11.25"]
[SourceVersion "1"]
[SourceVersionDate "2010.11.25"]
[SourceQuality "1"]

1. e4 e5 2. f4 Nc6 3. Bb5 exf4 4. Nf3 Nf6 5. Nc3 Bb4 6. d3 d5 7. exd5 Nxd5 8. 0-0 0-0 9. Nxd5 Qxd5 10. Bxc6 Qxc6 11. Bxf4 Re8 12. Ne5 Qb6+ 13. Kh1 Bd6 14. Nc4 Qc6 15. Qh5 Bc5 16. Be3 Be6 17. Qxc5 Qxc5 18. Bxc5 Bxc4 19. dxc4 Re2 20. Rf2 Rae8 21. Rxe2 Rxe2 22. Rc1 a6 23. Bb4 g6 24. Bc3 f5 25. h3 Kf7 26. Rd1 Rxc2 27. Rd7+ Ke6 28. Rxc7 Rc1+ 29. Kh2 Ra1 30. a3 Rd1 31. Rxb7 Rd6 32. Rxh7 1-0

[Event "GER-ch Net qual2 U14"]
[Site "Playchess.com INT"]
[Date "2009.05.13"]
[Round "2"]
[White "Bauer, Bjoern Benny"]
[Black "Damm, Nils"]
[Result "0-1"]
[WhiteElo "1861"]
[BlackElo "1587"]
[PlyCount "102"]
[EventDate "2009.05.13"]
[EventType "swiss (blitz)"]
[EventRounds "7"]
[EventCountry "GER"]
[SourceTitle "CBM 130 Extra"]
[Source "ChessBase"]
[SourceDate "2009.07.02"]
[SourceVersion "2"]
[SourceVersionDate "2009.07.15"]
[SourceQuality "1"]

1. d4 d5 2. c4 Nc6 3. Nc3 dxc4 4. Nf3 Bg4 5. e3 Bxf3 6. Qxf3 Nf6 7. Bxc4 e6 8. 0-0 Bb4 9. Ne4 Nxe4 10. Qxe4 0-0 11. Bd3 g6 12. a3 Bd6 13. f4 Qf6 14. Qf3 Qg7 15. Qh3 f5 16. Qh4 Be7 17. Qh3 Rad8 18. Rf3 Rd7 19. Bd2 Rfd8 20. Bc3 Bf6 21. Kh1 a6 22. g4 Ne7 23. gxf5 exf5 24. Bc4+ Kh8 25. Rg1 Nd5 26. Bxd5 Rxd5 27. Rfg3 Kg8 28. Qg2 Qe7 29. Bb4 Qe4 30. Rf3 Be7 31. Bxe7 Qxe7 32. Qh3 Qe4 33. Qg3 Kf7 34. Qh3 Kg7 35. Qg3 c5 36. h4 cxd4 37. h5 R8d6 38. exd4 Rxd4 39. Kh2 Rd2+ 40. Kh3 R2d3 41. Rgf1 Qe2 42. R1f2 Qe1 43. Kg2 Qe4 44. Kh3 Kf6 45. Qg5+ Kf7 46. hxg6+ Rxg6 47. Qh5 Kg7 48. Rxd3 Qxd3+ 49. Rf3 Qd1 50. Kh4 Qe1+ 51. Kh3 Qh1# 0-1

[Event "GER-ch Net qual1 U14"]
[Site "Playchess.com INT"]
[Date "2009.05.10"]
[Round "4"]
[White "Damm, Nils"]
[Black "Dehm, Tobias"]
[Result "1-0"]
[WhiteElo "1587"]
[BlackElo "1383"]
[PlyCount "43"]
[EventDate "2009.05.10"]
[EventType "swiss (blitz)"]
[EventRounds "7"]
[EventCountry "GER"]
[SourceTitle "CBM 130 Extra"]
[Source "ChessBase"]
[SourceDate "2009.07.02"]
[SourceVersion "2"]
[SourceVersionDate "2009.07.15"]
[SourceQuality "1"]

1. e4 d5 2. exd5 Nf6 3. Nc3 Nxd5 4. Bc4 Nb6 5. Bb3 Nc6 6. Nf3 Bg4 7. h3 Bh5 8. d3 Nd4 9. g4 Nxb3 10. axb3 Bg6 11. Nh4 e6 12. Nxg6 hxg6 13. Qe2 Bb4 14. Bd2 Nd5 15. Nxd5 Bxd2+ 16. Kxd2 Qxd5 17. c4 Qg5+ 18. Kc2 Ke7 19. Qf3 c6 20. Qg3 Rac8 21. Rxa7 Qe5 22. Qxe5 1-0

[Event "GER-ch Net qual1 U14"]
[Site "Playchess.com INT"]
[Date "2009.05.10"]
[Round "7"]
[White "Fistoul, Boris"]
[Black "Damm, Nils"]
[Result "0-1"]
[WhiteElo "1557"]
[BlackElo "1587"]
[PlyCount "86"]
[EventDate "2009.05.10"]
[EventType "swiss (blitz)"]
[EventRounds "7"]
[EventCountry "GER"]
[SourceTitle "CBM 130 Extra"]
[Source "ChessBase"]
[SourceDate "2009.07.02"]
[SourceVersion "2"]
[SourceVersionDate "2009.07.15"]
[SourceQuality "1"]

1. d4 d5 2. c4 Nc6 3. cxd5 Qxd5 4. Nc3 Qxd4 5. Qxd4 Nxd4 6. Kd2 Bf5 7. e4 0-0-0 8. exf5 Nb3+ 9. Kc2 Nxa1+ 10. Kb1 e6 11. Kxa1 Bb4 12. fxe6 fxe6 13. Bc4 Bxc3 14. bxc3 Rd1 15. Bxe6+ Kb8 16. Kb1 Nf6 17. Kc2 Re1 18. Bb3 Rd8 19. Bd2 Rf1 20. Bc4 Rxf2 21. Ne2 Ne4 22. Be3 Rxg2 23. Bd3 Nf2 24. Bxf2 Rxf2 25. Rg1 Rxh2 26. Rxg7 h5 27. Kb3 a6 28. Kc2 Rh8 29. Kb3 h4 30. Nf4 Rf2 31. Ne6 h3 32. Rxc7 h2 33. Be4 h1Q 34. Bxh1 Rxh1 35. c4 Rb1+ 36. Ka3 Rf3+ 37. Ka4 Ra1 38. c5 Rxa2+ 39. Kb4 Rb2+ 40. Ka4 Re2 41. c6 Re4+ 42. Ka5 Rf5+ 43. Kb6 Rb4# 0-1

[Event "Karl Mala Memorial op 11th"]
[Site "Frankfurt"]
[Date "2008.06.29"]
[Round "6"]
[White "Damm, Nils"]
[Black "Ruell, Michael"]
[Result "0-1"]
[WhiteElo "1016"]
[BlackElo "1840"]
[PlyCount "110"]
[EventDate "2008.06.26"]
[EventType "swiss"]
[EventRounds "7"]
[EventCountry "GER"]
[SourceTitle "CBM 125 Extra"]
[Source "ChessBase"]
[SourceDate "2008.09.01"]
[SourceVersion "1"]
[SourceVersionDate "2008.09.01"]
[SourceQuality "1"]

1. e4 c5 2. Nc3 Nc6 3. Nf3 d6 4. Bc4 Nf6 5. Ng5 Ne5 6. Bb5+ Bd7 7. Bxd7+ Qxd7 8. d3 h6 9. Nf3 Nxf3+ 10. Qxf3 Qg4 11. Qxg4 Nxg4 12. h3 Ne5 13. Be3 g6 14. d4 Nc4 15. Nd5 0-0-0 16. dxc5 e6 17. Nc3 Nxe3 18. fxe3 dxc5 19. 0-0 Bg7 20. Na4 f5 21. Nxc5 Rhe8 22. exf5 exf5 23. Rfe1 Bxb2 24. Rab1 Bc3 25. Nxb7 Bxe1 26. Nxd8 Bg3 27. Nc6 a6 28. Nd4 Rxe3 29. c4 Kc7 30. c5 Re1+ 31. Rxe1 Bxe1 32. a3 Bc3 33. Ne2 Be5 34. Nc1 Bb2 35. Nd3 Bxa3 36. Ne5 Bxc5+ 37. Kh1 Bd6 38. Nxg6 a5 39. Nh4 f4 40. Nf5 a4 41. Nd4 Bc5 42. Nc2 Kd6 43. Kh2 Kd5 44. h4 Kc4 45. Kh3 h5 46. g4 fxg3 47. Kxg3 Kc3 48. Na1 Kb2 49. Kf4 Kxa1 50. Kg5 Kb2 51. Kxh5 a3 52. Kg6 a2 53. h5 a1Q 54. h6 Kb3 55. h7 Qh8 0-1

[Event "Karl Mala Memorial op 11th"]
[Site "Frankfurt"]
[Date "2008.06.26"]
[Round "1"]
[White "Damm, Nils"]
[Black "Dapprich, Maximilian"]
[Result "0-1"]
[WhiteElo "1016"]
[BlackElo "1949"]
[PlyCount "102"]
[EventDate "2008.06.26"]
[EventType "swiss"]
[EventRounds "7"]
[EventCountry "GER"]
[SourceTitle "CBM 125 Extra"]
[Source "ChessBase"]
[SourceDate "2008.09.01"]
[SourceVersion "1"]
[SourceVersionDate "2008.09.01"]
[SourceQuality "1"]

1. e4 e5 2. Nf3 Nc6 3. d4 exd4 4. Bc4 Nf6 5. e5 Ne4 6. Bd5 Nc5 7. 0-0 Ne6 8. c3 dxc3 9. Nxc3 Be7 10. Re1 b6 11. Bxc6 dxc6 12. Qxd8+ Bxd8 13. Be3 Bb7 14. Nd4 Nxd4 15. Bxd4 Be7 16. e6 f6 17. f3 0-0-0 18. Be3 Bd6 19. f4 f5 20. Ne2 c5 21. Ng3 g6 22. Bd2 Rhe8 23. Re2 Ba6 24. Ree1 Re7 25. Bc3 Rde8 26. a3 Bxf4 27. b4 Rxe6 28. Red1 Be3+ 29. Kh1 Bd4 30. Bxd4 cxd4 31. h3 d3 32. a4 d2 33. Rxd2 Re1+ 34. Rxe1 Rxe1+ 35. Kh2 f4 36. b5 fxg3+ 37. Kxg3 Bb7 38. Rf2 Re3+ 39. Kh2 Bd5 40. Rd2 Be4 41. Rf2 Ra3 42. Re2 Rxa4 43. Rf2 Bd3 44. Rf3 Bxb5 45. Rf8+ Kb7 46. Rf7 h5 47. Rg7 Bd3 48. Rd7 Be4 49. Re7 Rd4 50. Re6 a5 51. Rf6 Rd2 0-1